000 00441nam a22001697a 4500
003 BUBTL
008 180113b xxu||||| |||| 00| 0 eng d
082 _a345
245 _aCriminal Reference(2001-2005)
250 _a1st ed.
260 _aDhaka :
_bBangladesh Law Chronicles,
_cc2006
300 _a[22],186 p. :
_c25 cm.
650 0 _926
_aLaw
856 _k0
_l0
_yDownload
942 _2ddc
_cBK
999 _c5647
_d5647